[Event "GCT Bucharest (rapid) 2019"]
[Site "Bucharest ROU"]
[Date "2019.11.07"]
[Round "4"]
[White "Caruana, Fabiano"]
[Black "Karjakin, Sergey"]
[Result "1-0"]
[WhiteElo "2822"]
[BlackElo "2754"]
[PlyCount "197"]
[EventDate "2019.11.06"]

1. c4 Nf6 2. Nc3 e5 3. Nf3 Nc6 4. Qc2 d5 5. cxd5 Nxd5 6. Nxe5 Nxe5 7. Qe4 Nb4
8. Qxe5+ Be7 9. Qe4 g6 10. Qb1 O-O 11. a3 Nc6 12. e3 Bf5 13. d3 Ne5 14. e4 Be6
15. Be2 Nc6 16. Be3 Nd4 17. Bxd4 Qxd4 18. O-O Rad8 19. Qc2 c6 20. Kh1 f5 21.
Rad1 a5 22. Bf3 fxe4 23. Bxe4 Bf6 24. f4 Bg7 25. Na4 Kh8 26. Nc5 Bc8 27. Rb1
Qd6 28. g3 b6 29. Na4 c5 30. h4 Be6 31. Nc3 Bg8 32. Kg2 c4 33. Rbd1 cxd3 34.
Rxd3 Qc5 35. Rfd1 Rxd3 36. Rxd3 b5 37. Qd2 b4 38. axb4 axb4 39. Nd5 Qc4 40. Bf3
b3 41. Ne3 Qc5 42. Bd5 Bxd5+ 43. Rxd5 Qe7 44. Kh2 Re8 45. Rd3 Qe6 46. Rd8 Qg8
47. Rxe8 Qxe8 48. Nc4 Qe7 49. Qd3 h6 50. Kg2 Qb7+ 51. Qf3 Qe7 52. Kf1 h5 53.
Qxb3 Qe4 54. Ne5 Kh7 55. Qc3 Bf8 56. Qd3 Qh1+ 57. Ke2 Qg2+ 58. Kd1 Qg1+ 59. Kc2
Qc5+ 60. Nc4 Bg7 61. Qe2 Qg1 62. Qe3 Qg2+ 63. Kb3 Qd5 64. Qe2 Qb5+ 65. Kc2 Bxb2
66. f5 Bg7 67. fxg6+ Kxg6 68. Qe4+ Qf5 69. Kd3 Qxe4+ 70. Kxe4 Bc3 71. Ne5+ Kh6
72. Nd3 Kg6 73. Nf4+ Kh6 74. Kf5 Be1 75. Ne2 Bf2 76. Kf6 Be1 77. Kf5 Bf2 78.
Kf4 Kg6 79. Ke5 Be1 80. Ke6 Bf2 81. Ke5 Be1 82. Ke4 Bf2 83. Kf3 Be1 84. Nf4+
Kh6 85. Nd5 Kg6 86. Ne3 Bd2 87. Ng2 Kh6 88. Ke4 Kg6 89. Ke5 Ba5 90. Ke6 Bc7 91.
Nf4+ Kh6 92. Kf7 Bb8 93. Ne2 Kh7 94. Kf6 Kh6 95. Nd4 Bc7 96. Nf5+ Kh7 97. Kg5
Ba5 98. Kxh5 Be1 99. g4 1-0

[Event "GCT Bucharest (rapid) 2019"]
[Site "Bucharest ROU"]
[Date "2019.11.07"]
[Round "5"]
[White "Mamedyarov, Shakhriyar"]
[Black "Korobov, Anton"]
[Result "1/2-1/2"]
[WhiteElo "2772"]
[BlackElo "2670"]
[PlyCount "97"]
[EventDate "2019.11.06"]

1. c4 e6 2. d4 d5 3. Nc3 c6 4. Nf3 Nf6 5. g3 dxc4 6. Bg2 Nbd7 7. O-O Be7 8. e3
O-O 9. a4 Qc7 10. Qe2 e5 11. Qxc4 exd4 12. Nb5 Qa5 13. Nbxd4 Ne5 14. Nxe5 Qxe5
15. b4 Qh5 16. Bb2 Bh3 17. b5 c5 18. Nf3 Rad8 19. Rfd1 Be6 20. Qh4 Rxd1+ 21.
Rxd1 Qg6 22. Rc1 Qd3 23. Bf1 Qb3 24. Be5 Nd5 25. Qe4 f5 26. Qc4 Nb4 27. Nd2
Bxc4 28. Bxc4+ Qxc4 29. Nxc4 Rd8 30. Kf1 Kf7 31. Ke2 g5 32. Bc7 Rd5 33. Ba5 Ke6
34. Bxb4 cxb4 35. Nd2 Rc5 36. Rxc5 Bxc5 37. f3 g4 38. f4 Kd5 39. Kd3 a5 40. Nb3
b6 41. Nd2 Be7 42. Nc4 Kc5 43. Nd2 Kd5 44. Nc4 Bd8 45. Nd2 h5 46. Nb3 Bf6 47.
Nd2 Bc3 48. Nb3 Bf6 49. Nd2 1/2-1/2

[Event "GCT Bucharest (rapid) 2019"]
[Site "Bucharest ROU"]
[Date "2019.11.07"]
[Round "5"]
[White "Le, Quang Liem"]
[Black "Caruana, Fabiano"]
[Result "0-1"]
[WhiteElo "2713"]
[BlackElo "2822"]
[PlyCount "68"]
[EventDate "2019.11.06"]

1. d4 Nf6 2. c4 e6 3. Nc3 Bb4 4. e3 O-O 5. Nf3 c5 6. Bd3 d5 7. O-O dxc4 8. Bxc4
cxd4 9. exd4 b6 10. Bg5 Bb7 11. Qe2 Nbd7 12. Rac1 h6 13. Bh4 Rc8 14. Bd3 Bxc3
15. bxc3 Qc7 16. Bg3 Qc6 17. Bb5 Qd5 18. c4 Qh5 19. Bd6 Rfe8 20. c5 Bc6 21. Ba6
Ra8 22. Rfd1 bxc5 23. dxc5 e5 24. Bb5 Bxb5 25. Qxb5 e4 26. Nd4 Ne5 27. c6 e3
28. f3 e2 29. Re1 Qg5 30. Kh1 a6 31. Qb1 Nd3 32. f4 Nf2+ 33. Kg1 Nh3+ 34. Kh1
Ng4 0-1

[Event "GCT Bucharest (rapid) 2019"]
[Site "Bucharest ROU"]
[Date "2019.11.07"]
[Round "5"]
[White "Artemiev, Vladislav"]
[Black "Giri, Anish"]
[Result "1-0"]
[WhiteElo "2731"]
[BlackElo "2776"]
[PlyCount "59"]
[EventDate "2019.11.06"]

1. c4 c6 2. e4 d5 3. exd5 cxd5 4. d4 Nf6 5. Nc3 Nc6 6. Bf4 dxc4 7. Bxc4 e6 8.
Nf3 Bd6 9. Ne5 O-O 10. O-O Bb8 11. Nxc6 bxc6 12. Be5 Nd7 13. Qe2 a5 14. Rad1
Qb6 15. Bd3 Ba6 16. h4 Rd8 17. Bxa6 Qxa6 18. Qh5 h6 19. Ne4 Qb5 20. f4 Qxb2 21.
Bxg7 Kxg7 22. f5 exf5 23. Rxf5 Ne5 24. Rxe5 Bxe5 25. Qxe5+ Kf8 26. Qh8+ Ke7 27.
Qf6+ Kf8 28. Qxh6+ Ke7 29. Qf6+ Kf8 30. Ng5 1-0

[Event "GCT Bucharest (rapid) 2019"]
[Site "Bucharest ROU"]
[Date "2019.11.07"]
[Round "5"]
[White "Karjakin, Sergey"]
[Black "So, Wesley"]
[Result "1/2-1/2"]
[WhiteElo "2754"]
[BlackElo "2760"]
[PlyCount "50"]
[EventDate "2019.11.06"]

1. e4 e5 2. Nf3 Nc6 3. Nc3 Nf6 4. d4 exd4 5. Nxd4 Bb4 6. Nxc6 bxc6 7. Bd3 d5 8.
Bd2 O-O 9. O-O Re8 10. Re1 Rb8 11. a3 Bd6 12. h3 Bd7 13. b4 a5 14. exd5 Rxe1+
15. Bxe1 axb4 16. dxc6 Bxc6 17. axb4 Bxb4 18. Rb1 Bc5 19. Rxb8 Qxb8 20. Bd2 h6
21. Qe1 Qa8 22. Bf1 Qa7 23. Bd3 Qb7 24. Bf1 Qa7 25. Bd3 Qb7 1/2-1/2

[Event "GCT Bucharest (rapid) 2019"]
[Site "Bucharest ROU"]
[Date "2019.11.07"]
[Round "6"]
[White "So, Wesley"]
[Black "Korobov, Anton"]
[Result "0-1"]
[WhiteElo "2760"]
[BlackElo "2670"]
[PlyCount "70"]
[EventDate "2019.11.06"]

1. e4 c5 2. Nf3 d6 3. Bb5+ Bd7 4. Bxd7+ Nxd7 5. O-O Ngf6 6. Qe2 Qc7 7. b3 e6 8.
Bb2 Be7 9. d4 cxd4 10. Nxd4 O-O 11. c4 a6 12. Nc3 Ne5 13. Kh1 Rfe8 14. Rad1 Nc6
15. f4 Nxd4 16. Rxd4 Rad8 17. Rd3 Qc6 18. Rg3 h6 19. e5 dxe5 20. fxe5 Nh7 21.
Qh5 Bg5 22. Rxf7 Rf8 23. Rxf8+ Nxf8 24. Ba3 Bf4 25. Rf3 Qe4 26. Rf1 Qxe5 27.
Qf3 Ng6 28. Ne4 Nh4 29. Qg4 Qxe4 30. Qxh4 Rd2 31. Qg4 h5 32. Qh3 Qe2 33. Rg1 b6
34. Bb4 Rd3 35. Qh4 g5 0-1

[Event "GCT Bucharest (rapid) 2019"]
[Site "Bucharest ROU"]
[Date "2019.11.07"]
[Round "6"]
[White "Aronian, Levon"]
[Black "Mamedyarov, Shakhriyar"]
[Result "1/2-1/2"]
[WhiteElo "2772"]
[BlackElo "2772"]
[PlyCount "63"]
[EventDate "2019.11.06"]

1. e4 e5 2. Nf3 Nc6 3. Bc4 Bc5 4. c3 Nf6 5. d4 exd4 6. e5 d5 7. Bb5 Ne4 8. cxd4
Bb6 9. Nc3 O-O 10. Be3 f5 11. exf6 Rxf6 12. Rc1 Nxc3 13. bxc3 h6 14. O-O Bg4
15. Be2 Ne7 16. Ne5 Bxe2 17. Qxe2 c6 18. g4 Ng6 19. f4 Nxe5 20. fxe5 Rxf1+ 21.
Rxf1 Qe7 22. g5 hxg5 23. Qg4 Rf8 24. Rxf8+ Kxf8 25. Qf5+ Qf7 26. Qc8+ Qe8 27.
Qxb7 Qe6 28. Kf2 Qf5+ 29. Ke2 Qc2+ 30. Bd2 Qe4+ 31. Be3 Qc2+ 32. Bd2 1/2-1/2

[Event "GCT Bucharest (rapid) 2019"]
[Site "Bucharest ROU"]
[Date "2019.11.07"]
[Round "6"]
[White "Giri, Anish"]
[Black "Anand, Viswanathan"]
[Result "1/2-1/2"]
[WhiteElo "2776"]
[BlackElo "2757"]
[PlyCount "77"]
[EventDate "2019.11.06"]

1. d4 Nf6 2. c4 e6 3. Nf3 d5 4. g3 Bb4+ 5. Bd2 Be7 6. Bg2 O-O 7. O-O Nbd7 8.
Qc2 c6 9. Bf4 b6 10. cxd5 cxd5 11. Rc1 Bb7 12. Bc7 Qe8 13. Qb3 Rc8 14. Na3 Ba6
15. Nb5 Bxb5 16. Qxb5 Nc5 17. Qxe8 Rfxe8 18. Bf4 Na4 19. Rxc8 Rxc8 20. Rc1
Rxc1+ 21. Bxc1 Nd7 22. Ne1 f5 23. e4 dxe4 24. Bf1 b5 25. Bxb5 Nab6 26. f3 Bf6
27. Nc2 exf3 28. a4 a6 29. Bxa6 Nxa4 30. Bc4 Kf7 31. Kf2 Nab6 32. Bb3 Ke7 33.
Kxf3 Nd5 34. Bc4 g5 35. g4 f4 36. b4 N7b6 37. Bd3 h6 38. b5 Kd7 39. Ba3 1/2-1/2

[Event "GCT Bucharest (rapid) 2019"]
[Site "Bucharest ROU"]
[Date "2019.11.07"]
[Round "6"]
[White "Caruana, Fabiano"]
[Black "Artemiev, Vladislav"]
[Result "0-1"]
[WhiteElo "2822"]
[BlackElo "2731"]
[PlyCount "60"]
[EventDate "2019.11.06"]

1. c4 e5 2. Nc3 Bb4 3. Nd5 Bc5 4. e3 Nf6 5. d4 Nxd5 6. dxc5 Nf6 7. b4 Qe7 8.
Bb2 O-O 9. Nf3 d6 10. cxd6 cxd6 11. Be2 Bg4 12. O-O Nbd7 13. h3 Bh5 14. Qb3 a5
15. a3 Rfc8 16. Rac1 h6 17. Rfd1 axb4 18. axb4 Qe6 19. Qc3 Nb6 20. Ba1 Ra2 21.
Rc2 Rxc2 22. Qxc2 Nxc4 23. Qa2 Ne4 24. Qa7 Ncd2 25. Nd4 Qf6 26. f3 exd4 27.
Qxb7 Rc2 28. Qa8+ Kh7 29. Bd3 Qg6 30. Bxe4 Nxe4 0-1

[Event "GCT Bucharest (rapid) 2019"]
[Site "Bucharest ROU"]
[Date "2019.11.07"]
[Round "6"]
[White "Karjakin, Sergey"]
[Black "Le, Quang Liem"]
[Result "1/2-1/2"]
[WhiteElo "2754"]
[BlackElo "2713"]
[PlyCount "49"]
[EventDate "2019.11.06"]

1. Nf3 d5 2. d4 Nf6 3. e3 e6 4. Bd3 b6 5. O-O Bb7 6. b3 Be7 7. Bb2 O-O 8. Nbd2
Nbd7 9. Ne5 Nxe5 10. dxe5 Ne4 11. Nxe4 dxe4 12. Bc4 Qxd1 13. Rfxd1 Rfd8 14. Kf1
Kf8 15. a4 a5 16. Ke2 Rxd1 17. Rxd1 Rd8 18. Rxd8+ Bxd8 19. Ba3+ Be7 20. Bxe7+
Kxe7 21. Kd2 f6 22. exf6+ gxf6 23. Kc3 c5 24. Bb5 Kd6 25. g3 1/2-1/2

[Event "GCT Bucharest (rapid) 2019"]
[Site "Bucharest ROU"]
[Date "2019.11.08"]
[Round "7"]
[White "Artemiev, Vladislav"]
[Black "Karjakin, Sergey"]
[Result "0-1"]
[WhiteElo "2731"]
[BlackElo "2754"]
[PlyCount "78"]
[EventDate "2019.11.06"]

1. c4 Nf6 2. Nc3 e5 3. g3 Bb4 4. Bg2 O-O 5. e4 Bxc3 6. bxc3 c6 7. Nf3 Nxe4 8.
O-O d5 9. cxd5 cxd5 10. Nxe5 Re8 11. Nd3 Nc6 12. Nf4 Nf6 13. Qb3 Na5 14. Qb5
Bd7 15. Qd3 a6 16. Qc2 Rc8 17. d3 Bf5 18. Qd2 Nc6 19. Bb2 h6 20. Rfe1 Qa5 21.
a3 Nd4 22. Rxe8+ Rxe8 23. Re1 Rxe1+ 24. Qxe1 Qb5 25. Bc1 Ne6 26. Nxd5 Nxd5 27.
c4 Qb1 28. Bxd5 Bh3 29. d4 Qa1 30. Bxb7 Nxd4 31. Bd2 Qb2 32. Bg2 Bxg2 33. Kxg2
Qb7+ 34. Kh3 Qd7+ 35. Kg2 Qc6+ 36. Kh3 Nf3 37. Qe7 Qc8+ 38. Kg2 Nxd2 39. c5 Nb3
0-1

[Event "GCT Bucharest (rapid) 2019"]
[Site "Bucharest ROU"]
[Date "2019.11.08"]
[Round "7"]
[White "Mamedyarov, Shakhriyar"]
[Black "Giri, Anish"]
[Result "1-0"]
[WhiteElo "2772"]
[BlackElo "2776"]
[PlyCount "83"]
[EventDate "2019.11.06"]

1. d4 Nf6 2. c4 e6 3. Nc3 Bb4 4. Qc2 d5 5. cxd5 exd5 6. Bg5 h6 7. Bh4 c5 8.
dxc5 g5 9. Bg3 Ne4 10. Bxb8 Bxc3+ 11. bxc3 Rxb8 12. Qa4+ Ke7 13. Qd4 b6 14. c6
Be6 15. e3 Qd6 16. f3 Nc5 17. Ne2 Qxc6 18. Qd2 Qd6 19. Nd4 Bd7 20. Bb5 Kf8 21.
Bxd7 Qxd7 22. O-O Rg8 23. Rad1 Rd8 24. g4 h5 25. Nf5 hxg4 26. fxg4 Qa4 27. h3
Rh8 28. Qh2 Ne6 29. Nd6 Nf4 30. exf4 Rxd6 31. fxg5 Qc6 32. Rf3 Rh7 33. Rdf1
Qc5+ 34. Kh1 Qc6 35. Kg1 Kg8 36. R1f2 Rg7 37. Rf6 Re6 38. Qf4 Qxc3 39. Qb8+ Kh7
40. Rxf7 Reg6 41. Rf8 Qe1+ 42. Kh2 1-0

[Event "GCT Bucharest (rapid) 2019"]
[Site "Bucharest ROU"]
[Date "2019.11.08"]
[Round "7"]
[White "Korobov, Anton"]
[Black "Aronian, Levon"]
[Result "1/2-1/2"]
[WhiteElo "2670"]
[BlackElo "2772"]
[PlyCount "87"]
[EventDate "2019.11.06"]

1. d4 Nf6 2. c4 e6 3. Nc3 Bb4 4. e3 O-O 5. Bd3 d5 6. Nf3 dxc4 7. Bxc4 c5 8. O-O
Bd7 9. Qe2 Qc7 10. Nb5 Bxb5 11. Bxb5 cxd4 12. Nxd4 a6 13. Bd3 Nc6 14. Nxc6 Qxc6
15. a3 Bd6 16. Bd2 Rfd8 17. f4 Bc5 18. Rfd1 Nd5 19. Kh1 Qb6 20. e4 Ne3 21. Bxe3
Bxe3 22. f5 exf5 23. exf5 Bf4 24. Qf3 Be5 25. Bc4 h6 26. Bd5 Rd7 27. Rab1 Re8
28. b4 Bf6 29. Re1 Red8 30. Rbd1 Qb5 31. Be4 b6 32. Rxd7 Qxd7 33. g3 a5 34.
bxa5 bxa5 35. Kg2 Qb5 36. Kh3 Qc4 37. Re2 a4 38. Rc2 Qb3 39. Rc7 Qxf3 40. Bxf3
Bb2 41. Bh5 Rf8 42. Ra7 Bxa3 43. Rxa4 Bc5 44. Ra5 1/2-1/2

[Event "GCT Bucharest (rapid) 2019"]
[Site "Bucharest ROU"]
[Date "2019.11.08"]
[Round "7"]
[White "Le, Quang Liem"]
[Black "So, Wesley"]
[Result "1/2-1/2"]
[WhiteElo "2713"]
[BlackElo "2760"]
[PlyCount "104"]
[EventDate "2019.11.06"]

1. d4 d5 2. c4 c6 3. Nf3 Nf6 4. e3 Bg4 5. h3 Bh5 6. Nc3 e6 7. g4 Bg6 8. Ne5
Nbd7 9. Nxg6 hxg6 10. Bd2 Bb4 11. cxd5 exd5 12. f3 Qe7 13. Qc2 O-O-O 14. O-O-O
Kb8 15. Kb1 Nb6 16. a3 Bxc3 17. Qxc3 Ne8 18. Be1 Nd6 19. Bg3 Ka8 20. Rh2 g5 21.
Re2 Rh6 22. Qd3 Re6 23. Bg2 Nb5 24. Bf2 Nd7 25. Qc2 Nf8 26. Ree1 Qf6 27. a4 Nc7
28. e4 Ng6 29. e5 Qe7 30. Bf1 Rh8 31. Qd2 f6 32. Bd3 Qf7 33. Bf5 Ree8 34. exf6
gxf6 35. Rxe8+ Rxe8 36. Re1 Ne6 37. Bg3 a6 38. Ka2 Nh4 39. Bxe6 Rxe6 40. Qa5
Re8 41. Qc7 Qg8 42. Re7 Rxe7 43. Qxe7 Qh8 44. Bc7 Nxf3 45. Qd7 Nxd4 46. Bd8
Qxh3 47. Qc8+ Ka7 48. a5 Qb3+ 49. Kb1 Qd3+ 50. Ka2 Qc4+ 51. Kb1 Qc2+ 52. Ka2
Qa4+ 1/2-1/2

[Event "GCT Bucharest (rapid) 2019"]
[Site "Bucharest ROU"]
[Date "2019.11.08"]
[Round "8"]
[White "Karjakin, Sergey"]
[Black "Anand, Viswanathan"]
[Result "1-0"]
[WhiteElo "2754"]
[BlackElo "2757"]
[PlyCount "139"]
[EventDate "2019.11.06"]

1. e4 e5 2. Nf3 Nc6 3. Bc4 Bc5 4. c3 Nf6 5. d3 O-O 6. O-O d6 7. h3 a6 8. a4 h6
9. Nbd2 a5 10. Re1 Be6 11. Bxe6 fxe6 12. Nf1 Qe8 13. Be3 Nd7 14. Ng3 Bxe3 15.
Rxe3 Qf7 16. Qb3 Nc5 17. Qc2 Rab8 18. Rf1 Qd7 19. Nd2 Ne7 20. Ra1 Ng6 21. Ne2
b5 22. d4 Nxa4 23. b3 Nb6 24. Rxa5 Ra8 25. Rxa8 Rxa8 26. Nf3 Qc6 27. dxe5 Nxe5
28. Nxe5 dxe5 29. Nc1 Nd7 30. Nd3 Qd6 31. b4 c5 32. bxc5 Nxc5 33. Qe2 Rd8 34.
Nxc5 Qxc5 35. Qg4 Qe7 36. Qh5 Qg5 37. Qe2 Kh7 38. g3 Rb8 39. Qb2 Qe7 40. Kg2
Qc5 41. Qa2 Qc4 42. Qa7 Rf8 43. Qa3 Rf7 44. Qd6 Qa2 45. Rf3 Rxf3 46. Kxf3 Qb3
47. Qc5 Kg6 48. h4 Kf6 49. Qf8+ Kg6 50. h5+ Kh7 51. Qc5 Qd1+ 52. Kg2 Qxh5 53.
Qxb5 Qg5 54. Qd7 Qg6 55. Qd3 h5 56. c4 h4 57. c5 hxg3 58. fxg3 Qe8 59. Qc3 Qa4
60. Kf3 Qd1+ 61. Kf2 Qd7 62. c6 Qc7 63. Qc5 Kg6 64. Ke3 Kg5 65. Kd3 Kg4 66. Kc4
Kxg3 67. Kb5 Kf4 68. Qb6 Qd6 69. c7 Qd3+ 70. Kc6 1-0

[Event "GCT Bucharest (rapid) 2019"]
[Site "Bucharest ROU"]
[Date "2019.11.08"]
[Round "8"]
[White "So, Wesley"]
[Black "Aronian, Levon"]
[Result "0-1"]
[WhiteElo "2760"]
[BlackElo "2772"]
[PlyCount "66"]
[EventDate "2019.11.06"]

1. e4 e5 2. Nf3 Nc6 3. Bc4 Nf6 4. d3 Bc5 5. c3 d6 6. O-O O-O 7. Re1 Bb6 8. a4
Ng4 9. Rf1 Kh8 10. h3 Nh6 11. b4 a6 12. Bb3 f5 13. Nbd2 Qf6 14. Ra2 a5 15. b5
Nd8 16. Nc4 fxe4 17. dxe4 Bc5 18. Bg5 Qg6 19. Bxd8 Bxh3 20. Bg5 Bg4 21. Ncd2
Rxf3 22. Nxf3 Rf8 23. Nxe5 Qxg5 24. Nxg4 Nxg4 25. Be6 Ne5 26. Kh1 Qh4+ 27. Kg1
Rf6 28. Bh3 g5 29. Qd5 g4 30. Qxb7 gxh3 31. Qc8+ Kg7 32. Qxh3 Nf3+ 33. Kh1 Rh6
0-1

[Event "GCT Bucharest (rapid) 2019"]
[Site "Bucharest ROU"]
[Date "2019.11.08"]
[Round "8"]
[White "Giri, Anish"]
[Black "Korobov, Anton"]
[Result "1/2-1/2"]
[WhiteElo "2776"]
[BlackElo "2670"]
[PlyCount "63"]
[EventDate "2019.11.06"]

1. e4 c5 2. Nf3 d6 3. d4 cxd4 4. Nxd4 Nf6 5. Nc3 a6 6. Bg5 e6 7. f4 Qc7 8. Bxf6
gxf6 9. Qf3 Nc6 10. O-O-O Bd7 11. Nxc6 Qxc6 12. f5 Qc5 13. fxe6 Qg5+ 14. Kb1
fxe6 15. Bc4 O-O-O 16. Rhf1 Be7 17. e5 d5 18. Bxd5 exd5 19. Nxd5 Bg4 20. Nxe7+
Kb8 21. Rxd8+ Rxd8 22. Qxf6 Qd2 23. a3 Be2 24. Rg1 Bd1 25. Ka2 Bxc2 26. e6 Rd3
27. Ka1 Bb3 28. Rb1 Qc2 29. Qf8+ Ka7 30. Nc8+ Kb8 31. Ne7+ Ka7 32. Nc8+ 1/2-1/2

[Event "GCT Bucharest (rapid) 2019"]
[Site "Bucharest ROU"]
[Date "2019.11.08"]
[Round "8"]
[White "Caruana, Fabiano"]
[Black "Mamedyarov, Shakhriyar"]
[Result "0-1"]
[WhiteElo "2822"]
[BlackElo "2772"]
[PlyCount "100"]
[EventDate "2019.11.06"]

1. e4 e5 2. Nf3 Nc6 3. Bc4 Bc5 4. c3 Nf6 5. d3 d6 6. O-O h6 7. Re1 O-O 8. h3
Bb6 9. a4 a5 10. Nbd2 Ne7 11. Bb3 Ng6 12. d4 c6 13. Bc2 Re8 14. Nc4 Bc7 15. Be3
Be6 16. Ncd2 Qe7 17. Nf1 Rad8 18. Ng3 d5 19. exd5 Nxd5 20. Bxg6 fxg6 21. Qc2
exd4 22. Bxd4 Nf4 23. Be5 Bxe5 24. Rxe5 Qf7 25. Kh2 Bd5 26. Rxe8+ Rxe8 27. Ne1
Rxe1 28. Rxe1 Nxg2 29. Re4 Bxe4 30. Qxe4 Nf4 31. Qd4 Kh7 32. b4 Nd5 33. bxa5
Qf3 34. Ne4 Qf4+ 35. Ng3 Qf3 36. Ne4 Qf7 37. Qe5 g5 38. Kg3 Nf4 39. Nd6 Qc7 40.
c4 Ng6 41. Qd4 c5 42. Qd3 Qxa5 43. Nxb7 Qa7 44. Qe4 Qxa4 45. Nxc5 Qa3+ 46. Nd3
h5 47. c5 Kh6 48. Kh2 Qc3 49. Qe3 Nh4 50. Ne5 Qxe5+ 0-1

[Event "GCT Bucharest (rapid) 2019"]
[Site "Bucharest ROU"]
[Date "2019.11.08"]
[Round "8"]
[White "Le, Quang Liem"]
[Black "Artemiev, Vladislav"]
[Result "1/2-1/2"]
[WhiteElo "2713"]
[BlackElo "2731"]
[PlyCount "121"]
[EventDate "2019.11.06"]

1. e4 c5 2. Nf3 e6 3. d4 cxd4 4. Nxd4 a6 5. c4 Nf6 6. Nc3 Qc7 7. Be2 Bb4 8. Qd3
b6 9. a3 Be7 10. Qg3 d6 11. Be3 Bb7 12. f3 Nbd7 13. Rc1 O-O 14. O-O Rfc8 15.
Rfd1 Nf8 16. b4 Ng6 17. Qf2 Rab8 18. Kh1 Ba8 19. Nb3 Nd7 20. c5 bxc5 21. Bxa6
Rd8 22. Bf1 c4 23. Na5 Nge5 24. Ba7 h5 25. Bxb8 Rxb8 26. Nxc4 Nxc4 27. Bxc4
Qxc4 28. Nd5 exd5 29. Rxc4 dxc4 30. Qa7 Bc6 31. Qc7 Ba4 32. Rc1 Bb5 33. g3 Bf6
34. Rxc4 Bxc4 35. Qxc4 Ne5 36. Qb3 Nc6 37. Kg2 Nd4 38. Qc4 Ra8 39. b5 Ne6 40.
b6 Nc5 41. Qd5 Rxa3 42. Qxd6 Ra2+ 43. Kh3 Ne6 44. g4 Ng5+ 45. Kg3 h4+ 46. Kf4
Ne6+ 47. Kf5 Nd4+ 48. Kf4 Ne6+ 49. Kf5 Ra5+ 50. e5 Bxe5 51. Qxe5 Nd4+ 52. Ke4
Rxe5+ 53. Kxe5 Nc6+ 54. Kd6 Na5 55. Kc5 Kf8 56. Kb5 Nb7 57. Kc6 Nd8+ 58. Kd7
Nb7 59. Kc6 Na5+ 60. Kb5 Nb7 61. Kc6 1/2-1/2

[Event "GCT Bucharest (rapid) 2019"]
[Site "Bucharest ROU"]
[Date "2019.11.08"]
[Round "9"]
[White "Artemiev, Vladislav"]
[Black "So, Wesley"]
[Result "1/2-1/2"]
[WhiteElo "2731"]
[BlackElo "2760"]
[PlyCount "77"]
[EventDate "2019.11.06"]

1. Nf3 d5 2. g3 g6 3. Bg2 Bg7 4. d4 Nf6 5. c4 dxc4 6. Na3 c5 7. O-O O-O 8. dxc5
c3 9. Nb5 Na6 10. Nxc3 Nxc5 11. Be3 Nfe4 12. Nxe4 Nxe4 13. Bd4 Bxd4 14. Qxd4
Qxd4 15. Nxd4 Nd6 16. Rac1 Rd8 17. f4 Bg4 18. h3 Bd7 19. Rc7 Rac8 20. Rfc1 Kf8
21. Kf2 f6 22. Bd5 Bxh3 23. Be6 Rxc7 24. Rxc7 f5 25. Bd5 Ne4+ 26. Bxe4 Rxd4 27.
Bxb7 Rd2 28. Bf3 Rxb2 29. Rxa7 Bg4 30. Ra8+ Kg7 31. Bxg4 fxg4 32. a4 Ra2 33. a5
h5 34. a6 Kf7 35. a7 Kg7 36. Kf1 Ra1+ 37. Kf2 Ra2 38. Ke3 Ra3+ 39. Kf2 1/2-1/2

[Event "GCT Bucharest (rapid) 2019"]
[Site "Bucharest ROU"]
[Date "2019.11.08"]
[Round "9"]
[White "Anand, Viswanathan"]
[Black "Le, Quang Liem"]
[Result "0-1"]
[WhiteElo "2757"]
[BlackElo "2713"]
[PlyCount "98"]
[EventDate "2019.11.06"]

1. e4 c5 2. Nf3 Nc6 3. Bb5 g6 4. Bxc6 dxc6 5. d3 Bg7 6. h3 e5 7. Be3 b6 8. Nbd2
Qc7 9. a4 a5 10. Nc4 Be6 11. b3 h6 12. O-O Ne7 13. Nfd2 O-O 14. f4 exf4 15.
Bxf4 Qd8 16. Rb1 f5 17. Qe2 g5 18. Bd6 f4 19. e5 Rf7 20. Ne4 Nf5 21. c3 Bd5 22.
Rfe1 Nh4 23. Qf2 Ng6 24. d4 cxd4 25. cxd4 Nf8 26. Nc3 Ne6 27. Rbd1 h5 28. Qc2
f3 29. Rf1 g4 30. hxg4 hxg4 31. g3 Ng5 32. Nxd5 cxd5 33. Ne3 Nh3+ 34. Kh1 Qg5
35. Nxd5 Qh6 36. Rd2 Nf2+ 37. Kg1 Nh3+ 38. Kh1 f2 39. Kg2 Ng5 40. Nf4 Nf3 41.
Kxf2 Qh2+ 42. Ke3 Qxg3 43. e6 Ng5+ 44. Ke2 Nxe6 45. Qe4 Re8 46. Nxe6 Qxd6 47.
d5 Qh2+ 48. Ke1 Rxf1+ 49. Kxf1 Qxd2 0-1

[Event "GCT Bucharest (rapid) 2019"]
[Site "Bucharest ROU"]
[Date "2019.11.08"]
[Round "9"]
[White "Korobov, Anton"]
[Black "Caruana, Fabiano"]
[Result "1/2-1/2"]
[WhiteElo "2670"]
[BlackElo "2822"]
[PlyCount "101"]
[EventDate "2019.11.06"]

1. d4 d5 2. c4 e6 3. Nc3 Be7 4. Nf3 Nf6 5. Bf4 O-O 6. e3 c5 7. dxc5 Bxc5 8. Qc2
Nc6 9. a3 Qa5 10. Rd1 Re8 11. Nd2 e5 12. Bg5 Nd4 13. Qb1 Bf5 14. Bd3 Bxd3 15.
Qxd3 Ne4 16. Nxd5 Nxg5 17. exd4 Bxd4 18. b4 Qd8 19. Qb3 Rc8 20. O-O Rc6 21. h4
Ne6 22. Nf3 Rd6 23. a4 f6 24. Rfe1 Kh8 25. h5 Rd7 26. a5 Rf8 27. Nh4 b5 28.
axb6 axb6 29. Qa4 Rxd5 30. cxd5 Qxd5 31. Nf3 e4 32. Nxd4 Nxd4 33. Qa3 Rd8 34.
Qe3 h6 35. Rc1 f5 36. Qg3 Ne6 37. Red1 Nd4 38. Kh1 f4 39. Qxf4 Qxh5+ 40. Qh2
Rd5 41. Ra1 Kh7 42. Qh3 Qg6 43. g4 e3 44. fxe3 Qe4+ 45. Qg2 Qxe3 46. Qxd5 Qh3+
47. Kg1 Qg3+ 48. Qg2 Nf3+ 49. Kf1 Nh2+ 50. Kg1 Nf3+ 51. Kf1 1/2-1/2

[Event "GCT Bucharest (rapid) 2019"]
[Site "Bucharest ROU"]
[Date "2019.11.08"]
[Round "9"]
[White "Aronian, Levon"]
[Black "Giri, Anish"]
[Result "1/2-1/2"]
[WhiteElo "2772"]
[BlackElo "2776"]
[PlyCount "112"]
[EventDate "2019.11.06"]

1. e4 c5 2. Nf3 d6 3. d4 cxd4 4. Nxd4 Nf6 5. Nc3 a6 6. f3 e5 7. Nb3 Be6 8. Be3
Be7 9. Qd2 h5 10. Nd5 Bxd5 11. exd5 Nbd7 12. O-O-O Qc7 13. Kb1 Nb6 14. Qa5 Rc8
15. c3 Bd8 16. h4 Nbxd5 17. Qxc7 Bxc7 18. Bg5 O-O 19. g3 Ne7 20. Bg2 Rb8 21. f4
exf4 22. Bxf6 gxf6 23. gxf4 Rfd8 24. Nd4 d5 25. Ne2 b5 26. b4 a5 27. Rh3 Kf8
28. Rhd3 Re8 29. Bf3 Nf5 30. Bxh5 Nxh4 31. Rxd5 axb4 32. cxb4 Ng2 33. Rd7 Re7
34. Rxe7 Kxe7 35. Nd4 Kf8 36. Nf5 Nxf4 37. Bf3 Rd8 38. Rxd8+ Bxd8 39. Bc6 Bb6
40. Kb2 Ne2 41. Bxb5 Nd4 42. Nxd4 Bxd4+ 43. Kb3 Ke7 44. Kc4 Be3 45. Kd5 Kd8 46.
Kc6 Kc8 47. a4 Bd2 48. a5 Kb8 49. Kc5 Be3+ 50. Kc4 Bd2 51. Bd7 Kc7 52. Bf5 Be1
53. Kb5 Bd2 54. Ka4 Kd6 55. b5 Kc5 56. b6 Bc3 1/2-1/2

[Event "GCT Bucharest (rapid) 2019"]
[Site "Bucharest ROU"]
[Date "2019.11.08"]
[Round "9"]
[White "Mamedyarov, Shakhriyar"]
[Black "Karjakin, Sergey"]
[Result "1/2-1/2"]
[WhiteElo "2772"]
[BlackElo "2754"]
[PlyCount "69"]
[EventDate "2019.11.06"]

1. d4 Nf6 2. c4 e6 3. Nc3 Bb4 4. Qc2 d5 5. a3 Bxc3+ 6. Qxc3 Ne4 7. Qc2 c5 8.
dxc5 Nc6 9. Nf3 Qa5+ 10. Bd2 Qxc5 11. e3 Nxd2 12. Nxd2 dxc4 13. Bxc4 O-O 14.
Rc1 Ne5 15. Be2 Qxc2 16. Rxc2 Rd8 17. Nf3 Nc6 18. O-O Bd7 19. Rfc1 Rac8 20. Kf1
Kf8 21. Ke1 Ne7 22. Ne5 Rxc2 23. Nxd7+ Rxd7 24. Rxc2 Nd5 25. Bf3 Ke7 26. Ke2 b6
27. Bxd5 Rxd5 28. Rc7+ Rd7 29. Rc8 Rd5 30. f4 Rb5 31. Rc7+ Kf6 32. Rxa7 Rxb2+
33. Kf3 b5 34. a4 bxa4 35. Rxa4 1/2-1/2

[Event "GCT Bucharest (blitz) 2019"]
[Site "Bucharest ROU"]
[Date "2019.11.09"]
[Round "1"]
[White "Giri, Anish"]
[Black "Artemiev, Vladislav"]
[Result "1/2-1/2"]
[WhiteElo "2776"]
[BlackElo "2731"]
[PlyCount "74"]
[EventDate "2019.11.09"]

1. d4 d5 2. c4 c6 3. Nf3 Nf6 4. Nc3 a6 5. e3 g6 6. a4 b6 7. h3 Bg7 8. Be2 O-O
9. O-O e6 10. b3 Re8 11. Ba3 Nbd7 12. Rc1 Bb7 13. cxd5 cxd5 14. Rc2 Rc8 15. Na2
Rxc2 16. Qxc2 Qb8 17. Rc1 Rc8 18. Qd1 Bf8 19. Bxf8 Kxf8 20. Rxc8+ Qxc8 21. Qc1
Qxc1+ 22. Nxc1 Ne4 23. Kf1 Ke7 24. Ke1 Kd6 25. Na2 a5 26. Nd2 e5 27. f3 Nxd2
28. Kxd2 exd4 29. exd4 Nf8 30. Ke3 Ne6 31. f4 Ng7 32. g4 Bc8 33. Nc3 Bd7 34.
Bf3 Be6 35. Nb5+ Kd7 36. Nc3 Kd6 37. Nb5+ Kd7 1/2-1/2